00363nam a2200133Ia 4500008004100000020001500041041001200056082001600068100002100084245006300105260003700168300000800205650001600213221030s9999 xx 000 0 und d a9812436626 aEnglish a105.23bKri aS. Krishnamurthy 0aE- Commerce Management - Text & Casescby S. Krishnamurthy bVikas Pub HouseaNew Delhic2003 a445 aBE Computer